00570nam a2200157Ia 4500008004000000082001200040100002600052245007100078260005300149300000800202650002700210690001700237906001100254999001700265952013000282210210b1945 xxu||||| |||| 00| 0 eng d a090/116 aNATIONAL BOOK LEAGUE. aBritish book news: a selection of books published in Britain 1944. aLondonbLongmans Green and Company Limitedc1945 a242 aBritish Books in Print aBibliography a000753 c77267d77267 001040708Library ScienceaALbALcMiscellaneousd2021-02-17g0.00l0o090/116p000753r2021-02-17 00:00:00w2021-02-17yBK